01374 a2200181 4500003000500000005001700005010001600022020001500038040000900053082001300062100002200075245004700097250001100144260004900155300003400204505094100238650001301179Nust20221205141910.0 a 74190465 a0155117327 cNust00a530, MIL1 aMiller, Franklin,10aCollege physicsc[by] Franklin Miller, Jr. a3d ed. aNew York,bHarcourt Brace Jovanovichc[1972] axviii, 749 p.billus.c24 cm. aThe Nature of Physics (Page-1), Structure and Properties of Matter (Page-14), Kinematics-The Description of Motion (Page-25), Dynamics (Page-57), Statics (Page-81), Conservation of Momentum and Energy (Page-110), Relativity (Page-140), Rotation (Page-163), Elasticity and Vibration (Page-195), Wave Motion (Page-219), Interference and Stationary Waves (Page-238), Fluids (Page-261), Temperature and Expansion (Page-287), Heat and Heat Transfer (Page-300), Thermal Behavior of Gases (Page-319), The Theory of Heat (Page-336), Electric Charge (Page-357), Electric Field (Page-376), Electric Energy (Page-399), Electric Circuits (Page-411) ,Electromagnetism (Page-437), Applied Electricity (Page-463), Electromagnetic Waves (Page-491), Geometrical Optics (Page-509), Wave Optics (Page-536), Applied Optics (Page-567), Electrons and Photons (Page-590), The Outer Atom (Page-609), The Nucleus (Page-629), Applied Nuclear Physics (Page-654).  0aPhysics.